00902nam a2200253 i 450000100060000000300080000600500170001400800390003102000150007003500190008504000320010404100080013608200210014410000300016524500880019526000440028330000340032750400410036165000400040265000390044294200120048199900170049395201380051017161BD-RjUL20211209000110.0140216s1978 nyua b 001 0 eng a0023318503 a(BD-RjUL)17218 aDLCcDLCdDLCdBD-RjULbeng aeng00a658.45bEIU 19781 aEisenberg, Abne M.95293110aUnderstanding communication in business and the professions /cAbné M. Eisenberg. aNew York :bMacmillan Pub. Co.,cc1978. axii, 419 p. :bill. ;c26 cm. aIncludes bibliographies and indexes. 0aCommunication in management.916403 0aInterpersonal communication.95293 2ddccBK c17161d17161 00102ddc40708NFICaRUCLbRUCLcReadingd1983-02-27eAsia foundationl0o658.45 EIU 1978r2014-02-16 00:00:00tC-1w2021-12-09yBK